Luis Meléndez (Record no. 1457)
[ view plain ]
| 000 -CABECERA | |
|---|---|
| campo de control de longitud fija | 01249nam a2200253 a 4500 |
| 001 - NÚMERO DE CONTROL | |
| campo de control | BRCA_1661 |
| 005 - FECHA Y HORA DE LA ÚLTIMA TRANSACCIÓN | |
| campo de control | 20190320203509.0 |
| 008 - DATOS DE LONGITUD FIJA--INFORMACIÓN GENERAL | |
| campo de control de longitud fija | 840831s1985 txua---##b---#000-0#eng-# |
| 040 ## - FUENTE DE LA CATALOGACIÓN | |
| Centro catalogador/agencia de origen | DLC |
| Centro/agencia transcriptor | DLC |
| Centro/agencia modificador | DLC |
| 050 #4 - SIGNATURA TOPOGRÁFICA DE LA BIBLIOTECA DEL CONGRESO | |
| Número de clasificación | ND813.M4 |
| Número de documento/Ítem | .T84 1985 |
| 100 1# - ENTRADA PRINCIPAL--NOMBRE DE PERSONA | |
| Nombre de persona | Tufts, Eleanor |
| 9 (RLIN) | 5174 |
| 245 10 - MENCIÓN DE TÍTULO | |
| Título | Luis Meléndez |
| Resto del título | Spanish Still-Life Painter of the Eighteenth Century |
| Mención de responsabilidad, etc. | Eleanor Tufts ; Juan J. Luna ; translations by Tomás Rodríguez and Patricia Zahniser. |
| 260 ## - PUBLICACIÓN, DISTRIBUCIÓN, ETC. | |
| Lugar de publicación, distribución, etc. | Dallas, Texas |
| Nombre del editor, distribuidor, etc. | Meadows Museum : Southern Methodist University |
| Fecha de publicación, distribución, etc. | 1985 |
| 300 ## - DESCRIPCIÓN FÍSICA | |
| Extensión | 133 p. |
| Otras características físicas | il. (algunas a color) |
| Dimensiones | 28 cm. |
| 500 ## - NOTA GENERAL | |
| Nota general | Catálogo de la exposición realizada en el North Carolina Museum of Art (Raleigh), 12 enero - 10 marzo, 1985, en el Meadows Museum, Suthern Methodist University (Dallas, Texas), 22 marzo - 19 mayo, 1985 y en The National Academy of Design (New York), 30 mayo - 1 septiembre, 1985 |
| 504 ## - NOTA DE BIBLIOGRAFÍA, ETC. | |
| Nota de bibliografía, etc. | Bibliografía: p. 124-132 |
| 600 14 - PUNTO DE ACCESO ADICIONAL DE MATERIA--NOMBRE DE PERSONA | |
| Nombre de persona | Meléndez, Luis |
| Fechas asociadas al nombre | 1716-1780 |
| Subdivisión de forma | Exposiciones |
| 9 (RLIN) | 5175 |
| 650 14 - PUNTO DE ACCESO ADICIONAL DE MATERIA--TÉRMINO DE MATERIA | |
| Término de materia o nombre geográfico como elemento de entrada | Bodegones |
| Subdivisión de forma | Exposiciones |
| Subdivisión general | Pintura española |
| Subdivisión cronológica | Siglo XVIII |
| 9 (RLIN) | 5176 |
| 650 14 - PUNTO DE ACCESO ADICIONAL DE MATERIA--TÉRMINO DE MATERIA | |
| Término de materia o nombre geográfico como elemento de entrada | Pinturas españolas |
| Subdivisión cronológica | Siglo XVIII |
| Subdivisión geográfica | España |
| 9 (RLIN) | 5177 |
| 653 0# - TÉRMINO DE INDIZACIÓN--NO CONTROLADO | |
| Término no controlado | Naturaleza muerta |
| 700 1# - PUNTO DE ACCESO ADICIONAL--NOMBRE DE PERSONA | |
| Nombre de persona | Luna, Juan J |
| 9 (RLIN) | 5178 |
| 700 1# - PUNTO DE ACCESO ADICIONAL--NOMBRE DE PERSONA | |
| Nombre de persona | Rodríguez, Tomás |
| 9 (RLIN) | 5179 |
| 942 ## - ELEMENTOS DE PUNTO DE ACCESO ADICIONAL (KOHA) | |
| Fuente del sistema de clasificación o colocación | Library of Congress Classification |
| Tipo de ítem Koha | Libros |
| Estado de retiro | Estado de pérdida | Estado dañado | No para préstamo | Localización permanente | Ubicación/localización actual | Fecha de adquisición | Total de préstamos | Signatura topográfica completa | Código de barras | Fecha visto por última vez | Precio válido a partir de | Tipo de ítem Koha |
|---|---|---|---|---|---|---|---|---|---|---|---|---|
| El ejemplar forma parte de la colección y puede ser consultado según las políticas vigentes. | Biblioteca del Museo Franz Mayer (Rogerio Casas-Alatriste) | Biblioteca del Museo Franz Mayer (Rogerio Casas-Alatriste) | 27/06/2008 | ND813.M4 .T84 1985 | 02234 | 22/03/2019 | 22/03/2019 | Libros |